| 000 | 00743nam a2200229 a 4500 | ||
|---|---|---|---|
| 005 | 20240910064319.0 | ||
| 008 | 030826s1995 mx r 000 0 spa d | ||
| 020 | _a8477382026 | ||
| 035 | _aUPN01000128186 | ||
| 049 | _aCG | ||
| 050 | 4 |
_aBF311 _bM3.4 |
|
| 100 | 1 | _aMayor, Juan | |
| 245 | 1 | 0 |
_aEstrategias metacognitivas : _baprender a aprender y aprender a pensar / _cJuan Mayor, Aurora Suengas, Javier González Marqués. |
| 260 |
_aMadrid : _bSíntesis, _c1995. |
||
| 300 | _a272 p. | ||
| 440 | 0 |
_aSíntesis psicología. _pPsicología evolutiva y de la educación |
|
| 650 | 4 | _aMETACOGNICION | |
| 650 | 4 |
_aAprendizaje _92861 |
|
| 700 | 1 |
_aSuengas, Aurora, _ecoaut. |
|
| 700 | 1 |
_aGonzález Marqués, Javier, _ecoaut. |
|
| 905 | _aLibro | ||
| 999 |
_c100365 _d100365 |
||